Normal view
MARC view
- Krishnamurthy, Prashanth
Entry Personal Name
001 - CONTROL NUMBER
- control field: 104939
003 - CONTROL NUMBER IDENTIFIER
- control field: NUST
005 - DATE AND TIME OF LATEST TRANSACTION
- control field: 20221215124923.0
008 - FIXED-LENGTH DATA ELEMENTS
- fixed length control field: 221215|| aca||aabn | a|a d
040 ## - CATALOGING SOURCE
- Original cataloging agency: NUST
- Transcribing agency: NUST
100 ## - HEADING--PERSONAL NAME
- Personal name: Krishnamurthy, Prashanth
670 ## - SOURCE DATA FOUND
- Source citation: Work cat.: (NUST)180911: Pahlavan, Kaveh, 104938, Principles of wireless networks :, c2002.
